Digital Image Processing (Record no. 8347)
[ view plain ]
| 000 -LEADER | |
|---|---|
| fixed length control field | 00540nam a22001697a 4500 |
| 005 - DATE AND TIME OF LATEST TRANSACTION | |
| control field | 20251122160109.0 |
| 008 - FIXED-LENGTH DATA ELEMENTS--GENERAL INFORMATION | |
| fixed length control field | 251122b |||||||| |||| 00| 0 eng d |
| 020 ## - INTERNATIONAL STANDARD BOOK NUMBER | |
| International Standard Book Number | 9780132345637 |
| 050 ## - LIBRARY OF CONGRESS CALL NUMBER | |
| Classification number | TA1632 |
| Item number | .G66 |
| 100 ## - MAIN ENTRY--PERSONAL NAME | |
| Personal name | Gonzalez, Rafael C. |
| 245 ## - TITLE STATEMENT | |
| Title | Digital Image Processing |
| Statement of responsibility, etc. | Rafael C. Gonzalez & Richard E. Woods |
| 250 ## - EDITION STATEMENT | |
| Edition statement | 3rd ed. |
| Remainder of edition statement | international edition |
| 260 ## - PUBLICATION, DISTRIBUTION, ETC. | |
| Place of publication, distribution, etc. | Upper Saddle River, New Jersey |
| Name of publisher, distributor, etc. | Pearson Prentice Hall |
| Date of publication, distribution, etc. | 2010 |
| 300 ## - PHYSICAL DESCRIPTION | |
| Extent | 976p. |
| Other physical details | ill. |
| Dimensions | 23.5cm |
| 700 ## - ADDED ENTRY--PERSONAL NAME | |
| Personal name | Woods, Richard E. |
| 942 ## - ADDED ENTRY ELEMENTS (KOHA) | |
| Source of classification or shelving scheme | Library of Congress Classification |
| Koha item type | Books |
| Edition | 3rd ed. |
| Suppress in OPAC | No |
| 999 ## - | |
| -- | 8347 |
| -- | 8347 |
| Withdrawn status | Lost status | Source of classification or shelving scheme | Damaged status | Not for loan | Collection | Home library | Current library | Shelving location | Date acquired | Total checkouts | Full call number | Barcode | Date last seen | Copy number | Price effective from | Koha item type |
|---|---|---|---|---|---|---|---|---|---|---|---|---|---|---|---|---|
| Library of Congress Classification | Non-fiction | Science Library (Miotso) | Science Library (Miotso) | General stacks | 11/22/2025 | TA1632 .G66 GON | SLM00006048 | 11/22/2025 | 1 | 11/22/2025 | Books | |||||
| Library of Congress Classification | Non-fiction | Science Library (Miotso) | Science Library (Miotso) | General stacks | 11/22/2025 | TA1632 .G66 GON | SLM00006049 | 11/22/2025 | 2 | 11/22/2025 | Books | |||||
| Library of Congress Classification | Non-fiction | Science Library (Miotso) | Science Library (Miotso) | General stacks | 11/22/2025 | TA1632 .G66 GON | SLM00006050 | 11/22/2025 | 3 | 11/22/2025 | Books | |||||
| Library of Congress Classification | Non-fiction | Science Library (Miotso) | Science Library (Miotso) | General stacks | 11/22/2025 | TA1632 .G66 GON | SLM00006051 | 11/22/2025 | 4 | 11/22/2025 | Books | |||||
| Library of Congress Classification | Non-fiction | Science Library (Miotso) | Science Library (Miotso) | General stacks | 11/22/2025 | TA1632 .G66 GON | SLM00006052 | 11/22/2025 | 5 | 11/22/2025 | Books |